| 000 | 01264 a2200217 4500 | ||
|---|---|---|---|
| 003 | Nust | ||
| 005 | 20170207154319.0 | ||
| 010 | _a | ||
| 040 | _cNust | ||
| 082 | 0 | 0 | _a004.165 |
| 100 | 1 | _aBrey, Barry B. | |
| 245 | 1 | 4 |
_aThe 8086/8088 microprocessor : _barchitecture, programming, and interfacing / _cBarry B. Brey. |
| 250 | _aFourth Edition | ||
| 260 |
_aUSA _b Prentice-Hall, Inc _c© 1997 |
||
| 300 |
_a920p; _bill. ; _c25 cm. |
||
| 505 | _aINTRODUCTION TO THE MICROPROCESSOR AND COMPUTER (Page-)1 THE MICROPROCESSOR AND ITS ARCHITECTURE (Page-45) ADDRESSING MODES (Page68-) I DATA MOVEMENT INSTRUCTIONS(Page-101) ARITHMETIC AND LOGIC INSTRUCTIONS(Page-144) PROGRAM CONTROL INSTRUCTIONS(Page-180) PROGRAMMING THE MICROPROCESSOR(Page-215) 8086/8088 HARDWARE SPECIFICATIONS(Page-285) MEMORY INTERFACE(Page-312) BASIC lID INTERFACE(Page-362) INTERRUPTS(Page430-) DIRECT MEMORY ACCESS AND DMA-CONTROLLED I/O(Page-467) THE ARITHMETIC COPROCESSOR(Page-517) BUS INTERFACE(Page-562) THE 80186,80188, AND 80286 MICROPROCESSORS(Page-584) THE 80386 AND 80486 MICROPROCESSORS(Page-622) THE PENTIUM AND PENTIUM PRO MICROPROCESSORS(Page-679) | ||
| 538 | _a(E-Book) | ||
| 650 | 0 | _aIntel 8086 (Microprocessor) | |
| 650 | 0 | _aIntel 8088 (Microprocessor) | |
| 651 | _a(E-Book) | ||
| 942 |
_2ddc _cBK |
||
| 999 |
_c196671 _d196671 |
||